Austrian monthly economic bulletin ...
Saved in:
| Format: | Journal |
|---|---|
| Language: | English |
| Published: |
Vienna.
|
| Tags: |
Add Tag
No Tags, Be the first to tag this record!
|
| LEADER | 00576nas a2200181K 4500 | ||
|---|---|---|---|
| 001 | 009978159-X | ||
| 005 | 20060530175303.0 | ||
| 008 | 990610u1uuuuuuuau mr p 0 0eng d | ||
| 035 | 0 | |a ocm41519344 | |
| 040 | |a PUL |c PUL | ||
| 090 | |a HF304 |b .A93q | ||
| 245 | 0 | 0 | |a Austrian monthly economic bulletin ... |
| 260 | |a Vienna. | ||
| 300 | |a v. |c 30 cm. | ||
| 550 | |a Issued by Kammer für handel, gewerbe und industrie and Verband österreich banken und bankiers in cooperation with the Österreichisches institut für konjunkturforschung. | ||
| 988 | |a 20060530 | ||
| 049 | |a HLSS | ||
| 906 | |0 OCLC | ||


